000 00704cam a2200229 4500
008 090401t1995 xxu||||| |||| 00| 0 eng d
020 _a9277863668
035 _a(Sirsi) u32903
041 _aeng
050 _a025.4
110 _aEuropean Communities
_93391
245 _aThesaurus EUROVOC. Volume 2 : subject-orientated version.
260 _aLuxembourg
_bOffice of Official Publications of the E
_c1995
300 _a232p. ; 30cm.
350 _a33
520 _aAnnex to the Index of the Official Journal of the European Communities.
650 _aOFFICIAL JOURNAL OF THE EUROPEAN COMMUNITIES
650 _aTHESAURI
690 _aECONOMIC AND SOCIAL
942 _n0
948 _c04/03/1997
999 _c89768
_d89768